000 002920000a22000970004500
100 1 _aNa'aman, Nadav
245 1 0 _a"The-house-of-no-shade shall take away its tax from you" (Micah 1:11)
300 _aVol. 45, Num. 4 (Octubre, 1995), Páginas 516-528
773 0 _tVetus Testamentum
942 _cANA
999 _c58010
_d58010